[Event "23rd Hoogeveen Open 2019"]
[Site "Hoogeveen"]
[Date "2019.10.21"]
[Round "4.25"]
[White "Barthel, Ansgar"]
[Black "Noordenbos, Daan"]
[Result "1-0"]
[WhiteElo "2037"]
[BlackElo "2133"]
[Annotator "NA"]
[PlyCount "109"]
[EventDate "2019.10.19"]
[EventType "swiss"]
[EventCountry "NED"]
[SourceTitle "playchess.com"]
[Source "ChessBase"]
[SourceQuality "1"]
[TimeControl "40/5400+30:1800+30"]

1. e4 {[%emt 0:00:00]} e6 {[%emt 0:00:00]} 2. d4 {[%emt 0:00:00]} d5 {[%emt 0:00:00]} 3. Nc3 {[%emt 0:00:00]} Bb4 {[%emt 0:00:00]} 4. exd5 {[%emt 0:00:00]} exd5 {[%emt 0:00:00]} 5. Bd3 {[%emt 0:00:00]} Ne7 {[%emt 0:00:11]} 6. Qh5 {[%emt 0:00:23]} Qd6 {[%emt 0:04:40]} 7. Nge2 {[%emt 0:01:57]} Be6 {[%emt 0:05:43]} 8. O-O {[%emt 0:02:39]} Nbc6 {[%emt 0:02:32]} 9. Na4 {[%emt 0:10:08]} Qd7 {[%emt 0:01:09]} 10. a3 {[%emt 0:06:32]} Bd6 {[%emt 0:00:24]} 11. Nc5 {[%emt 0:00:34]} Bxc5 {[%emt 0:03:57]} 12. dxc5 {[%emt 0:00:06]} O-O-O {[%emt 0:03:47]} 13. b4 {[%emt 0:04:07]} f6 {[%emt 0:02:39]} 14. Bb2 {[%emt 0:04:39]} Ng6 {[%emt 0:02:20]} 15. Ng3 {[%emt 0:12:16]} Nf4 {[%emt 0:03:20]} 16. Qf3 {[%emt 0:02:59]} Nxd3 {[%emt 0:02:09]} 17. Qxd3 {[%emt 0:01:17]} Ne5 {[%emt 0:01:06]} 18. Qe2 {[%emt 0:06:21]} Nc4 {[%emt 0:00:30]} 19. Bd4 {[%emt 0:00:18]} h5 {[%emt 0:00:57]} 20. Rfe1 {[%emt 0:02:16]} Rde8 {[%emt 0:02:26]} 21. Nf1 {[%emt 0:01:49]} Bf5 {[%emt 0:03:01]} 22. Ne3 {[%emt 0:01:15]} Nxe3 {[%emt 0:04:17]} 23. fxe3 {[%emt 0:00:13]} Re4 {[%emt 0:00:44]} 24. Qf2 {[%emt 0:04:01]} h4 {[%emt 0:00:50]} 25. c6 {[%emt 0:00:32]} bxc6 {[%emt 0:00:18]} 26. Bxa7 {[%emt 0:00:09]} Rh6 {[%emt 0:01:44]} 27. Rf1 {[%emt 0:06:12]} Bg4 {[%emt 0:01:23]} 28. Bc5 {[%emt 0:03:20]} Rg6 {[%emt 0:03:30]} 29. Kh1 {[%emt 0:10:29]} h3 {[%emt 0:03:06]} 30. gxh3 {[%emt 0:01:58]} Bxh3 {[%emt 0:00:52]} 31. Rg1 {[%emt 0:00:04]} Reg4 {[%emt 0:01:01]} 32. Rg3 {[%emt 0:01:59]} Qe6 {[%emt 0:01:42]} 33. Rxh3 {[%emt 0:01:29]} d4 {[%emt 0:03:48]} 34. Rf3 {[%emt 0:04:17]} dxe3 {[%emt 0:01:58]} 35. Rxe3 {[%emt 0:01:32]} Qc4 {[%emt 0:01:17]} 36. Rae1 {[%emt 0:01:43]} Rg2 {[%emt 0:00:25]} 37. Qxg2 {[%emt 0:01:01]} Rxg2 {[%emt 0:00:02]} 38. Kxg2 {[%emt 0:00:05]} Qxc2+ {[%emt 0:00:11]} 39. R1e2 {[%emt 0:00:08]} Qg6+ {[%emt 0:00:12]} 40. Rg3 {[%emt 0:00:31]} Qh5 {[%emt 0:00:11]} 41. Rd2 {[%emt 0:33:52]} Qh6 {[%emt 0:30:34]} 42. Be3 {[%emt 0:00:32]} Qh7 {[%emt 0:00:04]} 43. Rg4 {[%emt 0:04:46]} Qg8 {[%emt 0:01:18]} 44. Rgd4 {[%emt 0:01:31]} Qe6 {[%emt 0:00:26]} 45. Bf4 {[%emt 0:00:23]} Qg4+ {[%emt 0:00:08]} 46. Bg3 {[%emt 0:00:09]} Qf5 {[%emt 0:00:07]} 47. h3 {[%emt 0:00:00]} Kb7 {[%emt 0:00:00]} 48. Rd7 {[%emt 0:00:00]} Qg5 {[%emt 0:00:00]} 49. Kh2 {[%emt 0:00:00]} f5 {[%emt 0:00:00]} 50. Rxc7+ {[%emt 0:00:00]} Kb6 {[%emt 0:00:00]} 51. Rcd7 {[%emt 0:00:00]} f4 {[%emt 0:00:00]} 52. Bf2+ {[%emt 0:00:00]} Kb5 {[%emt 0:00:00]} 53. R2d3 {[%emt 0:00:00]} Kc4 {[%emt 0:00:00]} 54. R7d4+ {[%emt 0:00:00]} Kb5 {[%emt 0:00:26]} 55. Rf3 {[%emt 0:00:00]} 1-0

[Event "23rd Hoogeveen Open 2019"]
[Site "Hoogeveen"]
[Date "2019.10.21"]
[Round "4.26"]
[White "Emans, Job"]
[Black "Van der Velde, Henk"]
[Result "1-0"]
[WhiteElo "2028"]
[BlackElo "2118"]
[Annotator "NA"]
[PlyCount "105"]
[EventDate "2019.10.19"]
[EventType "swiss"]
[EventCountry "NED"]
[SourceTitle "playchess.com"]
[Source "ChessBase"]
[SourceQuality "1"]
[TimeControl "40/5400+30:1800+30"]

1. d4 {[%emt 0:00:00]} d5 {[%emt 0:00:00]} 2. c4 {[%emt 0:00:00]} c6 {[%emt 0:00:00]} 3. Nc3 {[%emt 0:00:10]} Nf6 {[%emt 0:00:08]} 4. Nf3 {[%emt 0:00:10]} dxc4 {[%emt 0:00:14]} 5. a4 {[%emt 0:00:16]} Bf5 {[%emt 0:00:13]} 6. e3 {[%emt 0:00:20]} e6 {[%emt 0:00:18]} 7. Bxc4 {[%emt 0:00:25]} Bb4 {[%emt 0:00:19]} 8. O-O {[%emt 0:00:40]} Nbd7 {[%emt 0:00:13]} 9. Qe2 {[%emt 0:08:00]} Bg6 {[%emt 0:00:55]} 10. Rd1 {[%emt 0:01:21]} O-O {[%emt 0:02:05]} 11. Ne1 {[%emt 0:07:18]} Qe7 {[%emt 0:13:12]} 12. Nd3 {[%emt 0:08:52]} Bd6 {[%emt 0:06:41]} 13. e4 {[%emt 0:05:00]} e5 {[%emt 0:03:13]} 14. dxe5 {[%emt 0:09:24]} Nxe5 {[%emt 0:00:20]} 15. Nxe5 {[%emt 0:01:31]} Bxe5 {[%emt 0:00:42]} 16. f3 {[%emt 0:00:56]} Rfe8 {[%emt 0:19:18]} 17. Be3 {[%emt 0:05:05]} h5 {[%emt 0:18:16]} 18. a5 {[%emt 0:12:17]} h4 {[%emt 0:08:38]} 19. Na4 {[%emt 0:10:27]} Qc7 {[%emt 0:04:13]} 20. h3 {[%emt 0:01:57]} Nh5 {[%emt 0:01:47]} 21. Bf2 {[%emt 0:03:45]} Bh2+ {[%emt 0:01:56]} 22. Kh1 {[%emt 0:01:32]} Ng3+ {[%emt 0:00:14]} 23. Bxg3 {[%emt 0:00:06]} Bxg3 {[%emt 0:00:04]} 24. Nc3 {[%emt 0:05:45]} Qe7 {[%emt 0:02:48]} 25. Rf1 {[%emt 0:04:31]} Qg5 {[%emt 0:02:02]} 26. f4 {[%emt 0:05:20]} Bxf4 {[%emt 0:06:54]} 27. Qf3 {[%emt 0:00:41]} Be5 {[%emt 0:00:22]} 28. Bxf7+ {[%emt 0:00:35]} Bxf7 {[%emt 0:00:07]} 29. Qxf7+ {[%emt 0:00:04]} Kh7 {[%emt 0:02:09]} 30. Rf5 {[%emt 0:00:29]} Re7 {[%emt 0:01:57]} 31. Rxg5 {[%emt 0:00:42]} Rxf7 {[%emt 0:00:03]} 32. Rxe5 {[%emt 0:00:06]} Rf2 {[%emt 0:00:20]} 33. Rh5+ {[%emt 0:02:40]} Kg6 {[%emt 0:00:04]} 34. Rxh4 {[%emt 0:00:06]} Rxb2 {[%emt 0:00:06]} 35. Rf1 {[%emt 0:02:03]} Rc2 {[%emt 0:00:47]} 36. Rg4+ {[%emt 0:00:11]} Kh7 {[%emt 0:00:02]} 37. Rf3 {[%emt 0:00:43]} b5 {[%emt 0:00:43]} 38. axb6 {[%emt 0:00:31]} axb6 {[%emt 0:00:01]} 39. e5 {[%emt 0:01:38]} Re8 {[%emt 0:01:15]} 40. Re4 {[%emt 0:01:28]} Re6 {[%emt 0:00:43]} 41. Ne2 {[%emt 0:30:42]} Rc5 {[%emt 0:33:07]} 42. Rfe3 {[%emt 0:01:43]} b5 {[%emt 0:00:20]} 43. Nf4 {[%emt 0:01:23]} Re7 {[%emt 0:00:37]} 44. e6 {[%emt 0:00:00]} g5 {[%emt 0:00:00]} 45. Ne2 {[%emt 0:00:00]} Kg6 {[%emt 0:00:00]} 46. g4 {[%emt 0:00:00]} Kf6 {[%emt 0:00:00]} 47. Ng3 {[%emt 0:00:00]} Rc4 {[%emt 0:00:00]} 48. Rf3+ {[%emt 0:00:00]} Kg6 {[%emt 0:00:00]} 49. Re1 {[%emt 0:00:00]} Ra4 {[%emt 0:00:00]} 50. Nf5 {[%emt 0:00:00]} Re8 {[%emt 0:00:00]} 51. e7 {[%emt 0:00:00]} Ra7 {[%emt 0:00:00]} 52. Rfe3 {[%emt 0:00:00]} Kf6 {[%emt 0:00:00]} 53. Re6+ {[%emt 0:00:00]} 1-0

[Event "23rd Hoogeveen Open 2019"]
[Site "Hoogeveen"]
[Date "2019.10.21"]
[Round "4.27"]
[White "Ypma, Jord"]
[Black "Nicolai, Amir"]
[Result "1-0"]
[WhiteElo "2013"]
[BlackElo "2117"]
[Annotator "NA"]
[PlyCount "107"]
[EventDate "2019.10.19"]
[EventType "swiss"]
[EventCountry "NED"]
[SourceTitle "playchess.com"]
[Source "ChessBase"]
[SourceQuality "1"]
[TimeControl "40/5400+30:1800+30"]

1. d4 {[%emt 0:01:01]} e6 {[%emt 0:00:00]} 2. Bf4 {[%emt 0:00:54]} f5 {[%emt 0:00:00]} 3. Nf3 {[%emt 0:00:26]} Nf6 {[%emt 0:00:11]} 4. e3 {[%emt 0:00:49]} b6 {[%emt 0:00:13]} 5. Nbd2 {[%emt 0:01:17]} Bb7 {[%emt 0:00:08]} 6. Be2 {[%emt 0:03:05]} Be7 {[%emt 0:00:14]} 7. h3 {[%emt 0:01:12]} O-O {[%emt 0:05:51]} 8. c3 {[%emt 0:04:07]} c5 {[%emt 0:01:41]} 9. Qc2 {[%emt 0:07:42]} Nc6 {[%emt 0:04:13]} 10. g4 {[%emt 0:00:27]} cxd4 {[%emt 0:02:16]} 11. exd4 {[%emt 0:04:18]} Nd5 {[%emt 0:04:31]} 12. Bg3 {[%emt 0:02:20]} f4 {[%emt 0:04:18]} 13. Bh2 {[%emt 0:00:22]} Rc8 {[%emt 0:08:06]} 14. O-O {[%emt 0:02:50]} Kh8 {[%emt 0:02:57]} 15. a3 {[%emt 0:01:42]} g5 {[%emt 0:09:02]} 16. Bd3 {[%emt 0:01:07]} Rf7 {[%emt 0:02:04]} 17. Rae1 {[%emt 0:04:49]} Rg7 {[%emt 0:06:57]} 18. Ne4 {[%emt 0:06:08]} Nf6 {[%emt 0:00:33]} 19. Qe2 {[%emt 0:06:07]} Ng8 {[%emt 0:02:32]} 20. Ne5 {[%emt 0:07:37]} Qc7 {[%emt 0:07:01]} 21. Nxc6 {[%emt 0:01:27]} Qxc6 {[%emt 0:00:15]} 22. f3 {[%emt 0:00:17]} Nf6 {[%emt 0:04:00]} 23. Kg2 {[%emt 0:03:08]} Nxe4 {[%emt 0:05:04]} 24. Bxe4 {[%emt 0:00:11]} Qc7 {[%emt 0:00:05]} 25. Bd3 {[%emt 0:03:25]} Bf6 {[%emt 0:00:47]} 26. Bg1 {[%emt 0:01:34]} Bd5 {[%emt 0:01:19]} 27. Bf2 {[%emt 0:03:37]} h5 {[%emt 0:07:13]} 28. Be4 {[%emt 0:06:56]} Qc4 {[%emt 0:04:01]} 29. Bd3 {[%emt 0:06:38]} Qb3 {[%emt 0:01:28]} 30. Rc1 {[%emt 0:01:41]} Bc4 {[%emt 0:01:39]} 31. Bxc4 {[%emt 0:01:13]} Rxc4 {[%emt 0:00:40]} 32. d5 {[%emt 0:03:23]} e5 {[%emt 0:02:46]} 33. gxh5 {[%emt 0:01:01]} Rh7 {[%emt 0:05:53]} 34. Qd3 {[%emt 0:01:12]} e4 {[%emt 0:02:05]} 35. fxe4 {[%emt 0:00:08]} Be5 {[%emt 0:03:46]} 36. Qe2 {[%emt 0:02:02]} Rg7 {[%emt 0:01:43]} 37. h6 {[%emt 0:02:56]} Rg6 {[%emt 0:01:40]} 38. Qg4 {[%emt 0:00:34]} Qxb2 {[%emt 0:00:30]} 39. Qf5 {[%emt 0:01:34]} f3+ {[%emt 0:00:55]} 40. Kh1 {[%emt 0:00:17]} Kh7 {[%emt 0:00:38]} 41. Qxe5 {[%emt 0:30:38]} g4 {[%emt 0:01:51]} 42. Qe7+ {[%emt 0:00:00]} Kh8 {[%emt 0:00:49]} 43. Qf8+ {[%emt 0:00:00]} Rg8 {[%emt 0:01:24]} 44. Qf6+ {[%emt 0:00:00]} Kh7 {[%emt 0:00:20]} 45. hxg4 {[%emt 0:00:00]} Qe2 {[%emt 0:00:46]} 46. Rce1 {[%emt 0:00:00]} Qd2 {[%emt 0:00:19]} 47. Qf5+ {[%emt 0:00:00]} Kh8 {[%emt 0:00:07]} 48. Qxf3 {[%emt 0:00:00]} Rxc3 {[%emt 0:00:32]} 49. Be3 {[%emt 0:00:00]} Qd3 {[%emt 0:00:40]} 50. g5 {[%emt 0:00:00]} Rxa3 {[%emt 0:01:46]} 51. Qf6+ {[%emt 0:00:00]} Kh7 {[%emt 0:00:06]} 52. g6+ {[%emt 0:00:00]} Rxg6 {[%emt 0:00:07]} 53. Qf7+ {[%emt 0:00:00]} Rg7 {[%emt 0:00:20]} 54. Qxg7# {[%emt 0:00:00]} 1-0

[Event "23rd Hoogeveen Open 2019"]
[Site "Hoogeveen"]
[Date "2019.10.21"]
[Round "4.28"]
[White "Elgersma, Simon"]
[Black "Hoffman, Ron"]
[Result "1-0"]
[WhiteElo "2111"]
[BlackElo "1991"]
[Annotator "NA"]
[PlyCount "81"]
[EventDate "2019.10.19"]
[EventType "swiss"]
[EventCountry "NED"]
[SourceTitle "playchess.com"]
[Source "ChessBase"]
[SourceQuality "1"]
[TimeControl "40/5400+30:1800+30"]

1. e4 {[%emt 0:00:00]} c5 {[%emt 0:01:33]} 2. Nf3 {[%emt 0:00:00]} Nc6 {[%emt 0:00:18]} 3. Bb5 {[%emt 0:00:06]} g6 {[%emt 0:00:05]} 4. O-O {[%emt 0:00:06]} Bg7 {[%emt 0:00:05]} 5. Re1 {[%emt 0:00:08]} e5 {[%emt 0:02:53]} 6. Bxc6 {[%emt 0:00:37]} dxc6 {[%emt 0:00:20]} 7. d3 {[%emt 0:00:51]} Qe7 {[%emt 0:00:43]} 8. a3 {[%emt 0:09:32]} Nf6 {[%emt 0:06:20]} 9. Nbd2 {[%emt 0:08:51]} Nd7 {[%emt 0:01:50]} 10. b4 {[%emt 0:04:41]} Nf8 {[%emt 0:09:22]} 11. Nc4 {[%emt 0:11:22]} f6 {[%emt 0:01:01]} 12. bxc5 {[%emt 0:06:53]} Qxc5 {[%emt 0:02:03]} 13. a4 {[%emt 0:08:01]} Qe7 {[%emt 0:01:02]} 14. Ba3 {[%emt 0:01:44]} c5 {[%emt 0:01:24]} 15. d4 {[%emt 0:03:20]} Ne6 {[%emt 0:07:18]} 16. dxc5 {[%emt 0:06:10]} O-O {[%emt 0:03:09]} 17. c6 {[%emt 0:05:15]} Qc7 {[%emt 0:01:07]} 18. Bxf8 {[%emt 0:02:10]} Bxf8 {[%emt 0:00:20]} 19. Qd5 {[%emt 0:09:28]} bxc6 {[%emt 0:09:43]} 20. Qd2 {[%emt 0:02:06]} Ba6 {[%emt 0:09:36]} 21. Qc3 {[%emt 0:01:17]} Rb8 {[%emt 0:03:37]} 22. Rab1 {[%emt 0:02:43]} Rd8 {[%emt 0:29:28]} 23. Red1 {[%emt 0:02:59]} Be7 {[%emt 0:01:30]} 24. Rxd8+ {[%emt 0:01:25]} Qxd8 {[%emt 0:01:07]} 25. Na5 {[%emt 0:03:29]} Bc5 {[%emt 0:03:13]} 26. Nb3 {[%emt 0:02:49]} Qb6 {[%emt 0:00:21]} 27. Qe1 {[%emt 0:01:27]} Nf4 {[%emt 0:03:10]} 28. a5 {[%emt 0:03:14]} Qb4 {[%emt 0:00:30]} 29. Qxb4 {[%emt 0:01:38]} Bxb4 {[%emt 0:00:01]} 30. Nc1 {[%emt 0:01:11]} Bc5 {[%emt 0:00:23]} 31. Ne1 {[%emt 0:00:54]} Bd4 {[%emt 0:00:52]} 32. Ned3 {[%emt 0:00:20]} Nxd3 {[%emt 0:00:42]} 33. Nxd3 {[%emt 0:00:22]} Kf7 {[%emt 0:00:25]} 34. Rb8 {[%emt 0:01:00]} Ke6 {[%emt 0:00:42]} 35. Nb4 {[%emt 0:00:26]} Bb5 {[%emt 0:00:34]} 36. c4 {[%emt 0:00:42]} Bxc4 {[%emt 0:00:27]} 37. Nxc6 {[%emt 0:00:10]} Bc3 {[%emt 0:00:38]} 38. Rc8 {[%emt 0:00:49]} Kd7 {[%emt 0:00:02]} 39. Nxa7 {[%emt 0:00:06]} Bd4 {[%emt 0:00:49]} 40. Rxc4 {[%emt 0:00:13]} Bxa7 {[%emt 0:00:04]} 41. Kf1 {[%emt 0:31:02]} 1-0

[Event "23rd Hoogeveen Open 2019"]
[Site "Hoogeveen"]
[Date "2019.10.21"]
[Round "4.30"]
[White "Faber, Hugo"]
[Black "Achuthan, Dylan"]
[Result "1/2-1/2"]
[WhiteElo "2077"]
[BlackElo "1865"]
[Annotator "NA RC"]
[PlyCount "40"]
[EventDate "2019.10.19"]
[EventType "swiss"]
[EventCountry "NED"]
[SourceTitle "playchess.com"]
[Source "ChessBase"]
[SourceQuality "1"]
[TimeControl "40/5400+30:1800+30"]

1. e4 {[%emt 0:00:00]} c5 {[%emt 0:00:00]} 2. c3 {[%emt 0:00:19]} d5 {[%emt 0:00:18]} 3. exd5 {[%emt 0:00:14]} Qxd5 {[%emt 0:00:02]} 4. d4 {[%emt 0:00:21]} Nc6 {[%emt 0:00:14]} 5. Nf3 {[%emt 0:00:36]} Bg4 {[%emt 0:00:09]} 6. Be2 {[%emt 0:00:56]} Nf6 {[%emt 0:01:15]} 7. O-O {[%emt 0:01:04]} e6 {[%emt 0:01:21]} 8. Be3 {[%emt 0:01:40]} cxd4 {[%emt 0:00:37]} 9. cxd4 {[%emt 0:00:15]} Be7 {[%emt 0:00:25]} 10. Nc3 {[%emt 0:00:30]} Qd8 {[%emt 0:00:09]} 11. Qb3 {[%emt 0:03:50]} Qc7 {[%emt 0:08:18]} 12. d5 {[%emt 0:04:15]} Nxd5 {[%emt 0:02:49]} 13. Nxd5 {[%emt 0:00:12]} exd5 {[%emt 0:00:07]} 14. Qxd5 {[%emt 0:00:06]} O-O {[%emt 0:00:09]} 15. h3 {[%emt 0:03:09]} Be6 {[%emt 0:00:39]} 16. Qe4 {[%emt 0:00:30]} Qa5 {[%emt 0:12:10]} 17. Nd4 {[%emt 0:05:02]} Nxd4 {[%emt 0:09:48]} 18. Bxd4 {[%emt 0:00:30]} b6 {[%emt 0:02:16]} 19. Rfd1 {[%emt 0:06:56]} Rfd8 {[%emt 0:07:39]} 20. Bf3 {[%emt 0:13:56]} Rac8 {[%emt 0:05:51]} 1/2-1/2

[Event "23rd Hoogeveen Open 2019"]
[Site "Hoogeveen"]
[Date "2019.10.21"]
[Round "4.31"]
[White "Stock, Andreas"]
[Black "Labruyere, Roger"]
[Result "1-0"]
[WhiteElo "2076"]
[BlackElo "1932"]
[Annotator "NA"]
[PlyCount "73"]
[EventDate "2019.10.19"]
[EventType "swiss"]
[EventCountry "NED"]
[SourceTitle "playchess.com"]
[Source "ChessBase"]
[SourceQuality "1"]
[TimeControl "40/5400+30:1800+30"]

1. c4 {[%emt 0:00:00]} e5 {[%emt 0:00:00]} 2. Nc3 {[%emt 0:00:00]} Nf6 {[%emt 0:00:00]} 3. Nf3 {[%emt 0:00:08]} Nc6 {[%emt 0:00:00]} 4. e4 {[%emt 0:00:26]} Bb4 {[%emt 0:02:17]} 5. d3 {[%emt 0:00:12]} a5 {[%emt 0:00:11]} 6. Be2 {[%emt 0:02:10]} O-O {[%emt 0:00:57]} 7. O-O {[%emt 0:00:06]} Re8 {[%emt 0:01:01]} 8. Ne1 {[%emt 0:04:08]} Bc5 {[%emt 0:00:56]} 9. Nc2 {[%emt 0:00:19]} h6 {[%emt 0:03:35]} 10. Be3 {[%emt 0:05:23]} Nd4 {[%emt 0:02:10]} 11. Qd2 {[%emt 0:04:58]} c6 {[%emt 0:01:29]} 12. Na4 {[%emt 0:13:13]} Nxe2+ {[%emt 0:01:06]} 13. Qxe2 {[%emt 0:00:00]} Bxe3 {[%emt 0:00:46]} 14. Nxe3 {[%emt 0:00:18]} d6 {[%emt 0:01:32]} 15. b3 {[%emt 0:10:31]} Nh7 {[%emt 0:02:23]} 16. f4 {[%emt 0:02:52]} Nf8 {[%emt 0:10:17]} 17. f5 {[%emt 0:00:23]} Nd7 {[%emt 0:05:10]} 18. Rf3 {[%emt 0:00:46]} Nf6 {[%emt 0:04:24]} 19. Nc3 {[%emt 0:01:15]} b6 {[%emt 0:03:10]} 20. Rg3 {[%emt 0:06:33]} Kh7 {[%emt 0:03:03]} 21. Rh3 {[%emt 0:06:07]} Bb7 {[%emt 0:02:36]} 22. g4 {[%emt 0:01:16]} Ng8 {[%emt 0:05:03]} 23. Rf1 {[%emt 0:03:50]} f6 {[%emt 0:02:49]} 24. Rg3 {[%emt 0:02:32]} Ne7 {[%emt 0:00:24]} 25. h4 {[%emt 0:02:37]} d5 {[%emt 0:01:14]} 26. Ncd1 {[%emt 0:02:20]} dxe4 {[%emt 0:01:40]} 27. dxe4 {[%emt 0:00:45]} Qd4 {[%emt 0:00:11]} 28. Nf2 {[%emt 0:01:08]} Rad8 {[%emt 0:06:11]} 29. g5 {[%emt 0:01:22]} Rg8 {[%emt 0:22:34]} 30. Qh5 {[%emt 0:02:22]} Rdf8 {[%emt 0:00:57]} 31. Rd1 {[%emt 0:00:45]} Qc5 {[%emt 0:00:49]} 32. Neg4 {[%emt 0:06:00]} fxg5 {[%emt 0:00:38]} 33. hxg5 {[%emt 0:01:02]} Rh8 {[%emt 0:04:56]} 34. gxh6 {[%emt 0:07:46]} g6 {[%emt 0:01:34]} 35. fxg6+ {[%emt 0:00:17]} Nxg6 {[%emt 0:00:03]} 36. Rd7+ {[%emt 0:00:31]} Ne7 {[%emt 0:00:18]} 37. Nf6+ {[%emt 0:02:03]} 1-0

[Event "23rd Hoogeveen Open 2019"]
[Site "Hoogeveen"]
[Date "2019.10.21"]
[Round "4.32"]
[White "Vogel, Jaap"]
[Black "Van der Veen, Jan"]
[Result "0-1"]
[WhiteElo "2123"]
[BlackElo "2043"]
[Annotator "NA"]
[PlyCount "110"]
[EventDate "2019.10.19"]
[EventType "swiss"]
[EventCountry "NED"]
[SourceTitle "playchess.com"]
[Source "ChessBase"]
[SourceQuality "1"]
[TimeControl "40/5400+30:1800+30"]

1. d4 {[%emt 0:00:00]} Nf6 {[%emt 0:03:07]} 2. Nf3 {[%emt 0:00:00]} g6 {[%emt 0:00:14]} 3. Bf4 {[%emt 0:00:26]} Bg7 {[%emt 0:00:18]} 4. Nc3 {[%emt 0:00:12]} d5 {[%emt 0:01:57]} 5. Nb5 {[%emt 0:03:32]} Na6 {[%emt 0:01:21]} 6. e3 {[%emt 0:00:57]} O-O {[%emt 0:07:43]} 7. h3 {[%emt 0:00:37]} c6 {[%emt 0:11:53]} 8. Nc3 {[%emt 0:00:51]} Nc7 {[%emt 0:01:14]} 9. Be2 {[%emt 0:01:29]} Nce8 {[%emt 0:01:18]} 10. Ne5 {[%emt 0:05:40]} Nd6 {[%emt 0:02:50]} 11. g4 {[%emt 0:05:29]} Nfe8 {[%emt 0:06:16]} 12. Bd3 {[%emt 0:43:12]} f6 {[%emt 0:20:33]} 13. Nf3 {[%emt 0:00:45]} Nf7 {[%emt 0:13:32]} 14. g5 {[%emt 0:11:07]} fxg5 {[%emt 0:06:33]} 15. Nxg5 {[%emt 0:00:16]} Nxg5 {[%emt 0:01:39]} 16. Bxg5 {[%emt 0:00:06]} Bf5 {[%emt 0:03:30]} 17. f4 {[%emt 0:03:07]} Nd6 {[%emt 0:01:06]} 18. Qd2 {[%emt 0:11:42]} Qd7 {[%emt 0:04:01]} 19. O-O-O {[%emt 0:01:10]} Bxd3 {[%emt 0:00:15]} 20. Qxd3 {[%emt 0:01:12]} Nf5 {[%emt 0:02:05]} 21. e4 {[%emt 0:02:44]} dxe4 {[%emt 0:00:14]} 22. Nxe4 {[%emt 0:01:09]} h6 {[%emt 0:02:37]} 23. Rhg1 {[%emt 0:01:45]} Kh7 {[%emt 0:02:15]} 24. h4 {[%emt 0:00:47]} Qxd4 {[%emt 0:00:18]} 25. Qxd4 {[%emt 0:02:58]} Bxd4 {[%emt 0:00:03]} 26. Rh1 {[%emt 0:00:29]} Kg7 {[%emt 0:01:16]} 27. Kb1 {[%emt 0:00:11]} hxg5 {[%emt 0:00:58]} 28. Nxg5 {[%emt 0:00:15]} Rf6 {[%emt 0:00:40]} 29. Rhe1 {[%emt 0:01:11]} Bb6 {[%emt 0:00:50]} 30. Rd7 {[%emt 0:00:18]} Re8 {[%emt 0:01:00]} 31. c4 {[%emt 0:01:01]} Kg8 {[%emt 0:00:50]} 32. Rxb7 {[%emt 0:00:34]} Nxh4 {[%emt 0:00:27]} 33. Ne6 {[%emt 0:00:27]} Bf2 {[%emt 0:01:30]} 34. Re2 {[%emt 0:00:28]} Bg1 {[%emt 0:01:01]} 35. Nc7 {[%emt 0:00:24]} Ref8 {[%emt 0:00:21]} 36. Ne6 {[%emt 0:00:33]} Rc8 {[%emt 0:01:00]} 37. Rxe7 {[%emt 0:00:09]} Nf5 {[%emt 0:00:11]} 38. Rd7 {[%emt 0:01:04]} Re8 {[%emt 0:00:25]} 39. Rg2 {[%emt 0:00:15]} Rfxe6 {[%emt 0:00:26]} 40. Rxg1 {[%emt 0:00:03]} Re1+ {[%emt 0:00:25]} 41. Rxe1 {[%emt 0:30:51]} Rxe1+ {[%emt 0:30:03]} 42. Kc2 {[%emt 0:00:05]} Re7 {[%emt 0:01:08]} 43. Rd8+ {[%emt 0:00:12]} Kf7 {[%emt 0:00:20]} 44. Rc8 {[%emt 0:00:05]} Nd4+ {[%emt 0:00:00]} 45. Kd3 {[%emt 0:00:00]} Ne2 {[%emt 0:00:00]} 46. Rxc6 {[%emt 0:00:00]} Nxf4+ {[%emt 0:00:00]} 47. Kd4 {[%emt 0:00:00]} Ne6+ {[%emt 0:00:00]} 48. Kd5 {[%emt 0:00:00]} g5 {[%emt 0:00:00]} 49. Kd6 {[%emt 0:00:00]} Ng7 {[%emt 0:00:00]} 50. Rc5 {[%emt 0:00:00]} Ne8+ {[%emt 0:00:00]} 51. Kd5 {[%emt 0:00:00]} g4 {[%emt 0:00:00]} 52. Ra5 {[%emt 0:00:00]} Kf6 {[%emt 0:00:00]} 53. c5 {[%emt 0:00:00]} g3 {[%emt 0:00:00]} 54. Ra3 {[%emt 0:00:00]} Re5+ {[%emt 0:00:00]} 55. Kd4 {[%emt 0:00:00]} g2 {[%emt 0:00:00]} 0-1